| 000 | 02049nam a22004574i 4500 | ||
|---|---|---|---|
| 999 |
_c64211 _d64211 |
||
| 001 | 3451970 | ||
| 003 | CO-MdFUSB | ||
| 005 | 20180222151948.0 | ||
| 008 | 921208r19931991mau b 001 0 eng | ||
| 010 | _a 92044316 | ||
| 020 |
_a1565630106 (hardback) : _c$24.95 |
||
| 040 |
_aDLC _dDLC _bspa _cCO-MdFUSB _erda |
||
| 041 | _aeng | ||
| 082 | 0 | 0 |
_a226.307 _224 _bH783 |
| 100 | 1 |
_aHooker, Morna Dorothy. _eautor |
|
| 242 | 0 | 3 | _aEl evangelio según San Marcos |
| 245 | 0 | 4 |
_aThe Gospel according to St. Mark _c/ Morna D. Hooker. _b: |
| 246 | 3 | _aGospel according to Saint Mark | |
| 260 |
_aPeabody, Mass.: _bHendrickson Publishers, _c[1993] |
||
| 264 | 1 |
_aPeabody Massachusetts, United States of America : _bHendrickson Publishers, _c℗[1991] |
|
| 264 | 4 | _c©1991 | |
| 300 |
_a424 páginas _c22 cm. _b: |
||
| 336 |
_2rdacontent _atexto _btxt |
||
| 337 |
_2rdamedia _asin mediación _bn |
||
| 338 |
_2rdacarrier _avolumen _bnc |
||
| 490 | _aBlack's new testament commentary | ||
| 500 | _aOriginalmente publicado en : London : A & C Black, 1991. | ||
| 504 | _aIncluye referencias bibliográficas (páginas 395-406) Incluye índice de autores (páginas 407-410 ) Incluye índice temático (páginas 411-414) Incluye índice de fuentes antiguas (página 415) | ||
| 505 | _gPrefacio -- Abreviaciones -- Introducción -- Análisis del evangelio según San Marcos -- Mapa -- Traducción y comentario -- Bibliografía seleccionada -- Texto bíblico y otros -- Literatura sobre Marcos y temas relacionados. | ||
| 563 | _aDura | ||
| 653 | _aComentario de Marcos | ||
| 653 | _aEvangelio de Marcos | ||
| 730 | 0 | 2 |
_pMark. _sHooker. _f1993. |
| 856 | 4 | 2 | _uhttp://www.loc.gov/catdir/description/hend021/92044316.html |
| 856 | 4 | 2 | _uhttp://www.loc.gov/catdir/enhancements/fy0706/92044316-b.html |
| 906 |
_a7 _bcbc _corignew _d1 _eocip _f19 _gy-gencatlg |
||
| 942 | _cBK | ||